Toutes les communes françaises traversées par le Rhône - Statistiques

Statistiques générales
  • Ce quiz a été pris 21 fois
    19 depuis la dernière actualisation
  • Le résultat moyen est 33 sur 222
Statistiques - réponses
Département Commune % Correct
Rhône Lyon
100%
Vaucluse Avignon
75%
Vaucluse Orange
75%
Bouches-du-Rhône Arles
63%
Drôme Montélimar
63%
Drôme Valence
63%
Rhône Villeurbanne
63%
Rhône Caluire-et-Cuire
56%
Rhône Décines-Charpieu
56%
Rhône Givors
50%
Rhône Oullins-Pierre-Bénite
50%
Drôme Pierrelatte
50%
Ardèche Tournon-sur-Rhône
50%
Rhône Vaulx-en-Velin
50%
Isère Vienne
50%
Drôme Bourg-lès-Valence
44%
Rhône Jonage
44%
Ain Miribel
44%
Gard Pont-Saint-Esprit
44%
Rhône Rillieux-la-Pape
44%
Rhône Saint-Fons
44%
Drôme Tain-l'Hermitage
44%
Isère Chasse-sur-Rhône
38%
Rhône Feyzin
38%
Ardèche Le Teil
38%
Drôme Loriol-sur-Drôme
38%
Rhône Meyzieu
38%
Bouches-du-Rhône Saintes-Maries-de-la-Mer
38%
Drôme Saint-Rambert-d'Albon
38%
Rhône Condrieu
31%
Ardèche Guilherand-Granges
31%
Rhône La Mulatière
31%
Vaucluse Le Pontet
31%
Isère Saint-Romain-de-Jalionas
31%
Rhône Saint-Romain-en-Gal
31%
Rhône Solaize
31%
Vaucluse Sorgues
31%
Bouches-du-Rhône Tarascon
31%
Rhône Ternay
31%
Ain Valserhône
31%
Rhône Vernaison
31%
Gard Beaucaire
25%
Ain Beynost
25%
Ardèche Bourg-Saint-Andéol
25%
Ardèche Champagne
25%
Vaucluse Châteauneuf-du-Pape
25%
Ain Collonges
25%
Drôme Étoile-sur-Rhône
25%
Rhône Grigny-sur-Rhône
25%
Rhône Irigny
25%
Ardèche La Voulte-sur-Rhône
25%
Drôme Livron-sur-Drôme
25%
Rhône Loire-sur-Rhône
25%
Drôme Portes-lès-Valence
25%
Bouches-du-Rhône Port-Saint-Louis-du-Rhône
25%
Ardèche Saint-Marcel-d'Ardèche
25%
Ardèche Viviers
25%
Rhône Ampuis
19%
Ardèche Cruas
19%
Drôme Donzère
19%
Isère Le Péage-de-Roussillon
19%
Ardèche Le Pouzin
19%
Isère Les Roches-de-Condrieu
19%
Isère Sablons
19%
Isère Saint-Clair-sur-Rhône
19%
Rhône Saint-Cyr-sur-le-Rhône
19%
Ardèche Saint-Just-d'Ardèche
19%
Isère Saint-Maurice-l'Exil
19%
Ardèche Saint-Péray
19%
Drôme Saint-Vallier
19%
Isère Salaise-sur-Sanne
19%
Ardèche Serrières
19%
Ain Serrières-de-Briord
19%
Savoie Serrières-en-Chautagne
19%
Gard Villeneuve-lès-Avignon
19%
Savoie Yenne
19%
Drôme Ancône
13%
Ardèche Andance
13%
Drôme Andancette
13%
Ardèche Charmes-sur-Rhône
13%
Ardèche Charnas
13%
Drôme Crozes-Hermitage
13%
Ain Lagnieu
13%
Vaucluse Lapalud
13%
Gard Les Angles
13%
Ain Loyettes
13%
Vaucluse Mondragon
13%
Gard Roquemaure
13%
Isère Saint-Alban-du-Rhône
13%
Rhône Sainte-Colombe
13%
Ardèche Saint-Georges-les-Bains
13%
Haute-Savoie Saint-Germain-sur-Rhône
13%
Gard Saint-Gilles
13%
Ardèche Saint-Jean-de-Muzols
13%
Isère Saint-Prim
13%
Drôme Saulce-sur-Rhône
13%
Ain | Haute-Savoie Seyssel
13%
Isère Seyssuel
13%
Ardèche Soyons
13%
Haute-Savoie Vulbens
13%
Ardèche Arras-sur-Rhône
6%
Ardèche Baix
6%
Ardèche Beauchastel
6%
Bouches-du-Rhône Boulbon
6%
Vaucluse Caderousse
6%
Haute-Savoie Challonges
6%
Drôme Châteauneuf-du-Rhône
6%
Loire Chavanay
6%
Haute-Savoie Chevrier
6%
Isère Chonas-l'Amballan
6%
Haute-Savoie Clarafond-Arcine
6%
Gard Codolet
6%
Ardèche Cornas
6%
Ain Culoz-Béon
6%
Drôme Érôme
6%
Drôme Gervans
6%
Ardèche Glun
6%
Ain Injoux-Génissiat
6%
Ain Izieu
6%
Rhône Jons
6%
Savoie La Balme
6%
Isère La Balme-les-Grottes
6%
Drôme La Coucourde
6%
Drôme La Roche-de-Glun
6%
Drôme Laveyron
6%
Ardèche Lemps
6%
Drôme Les Tourrettes
6%
Ardèche Limony
6%
Ardèche Meysse
6%
Gard Montfaucon
6%
Vaucluse Mornas
6%
Ain Neyron
6%
Drôme Ponsas
6%
Ain Pougny
6%
Isère Raventin-Vaugris
6%
Ardèche Rochemaure
6%
Savoie Ruffieux
6%
Ardèche Saint-Désirat
6%
Savoie Saint-Genix-sur-Guiers
6%
Ain Saint-Maurice-de-Beynost
6%
Loire Saint-Michel-sur-Rhône
6%
Ain Saint-Sorlin-en-Bugey
6%
Ain Saint-Vulbas
6%
Ardèche Sarras
6%
Drôme Savasse
6%
Drôme Serves-sur-Rhône
6%
Ain Surjoux-Lhôpital
6%
Rhône Tupin-et-Semons
6%
Gard Vauvert
6%
Gard Vénéjean
6%
Isère Villette-d'Anthon
6%
Ardèche Vion
6%
Ain Anglefort
0%
Isère Anthon
0%
Isère Aoste
0%
Gard Aramon
0%
Ain Balan
0%
Bouches-du-Rhône Barbentane
0%
Haute-Savoie Bassy
0%
Ain Billiat
0%
Isère Bouvesse-Quirieu
0%
Isère Brangues
0%
Ain Brégnier-Cordon
0%
Ain Brens
0%
Ain Briord
0%
Ain Challex
0%
Savoie Champagneux
0%
Ain Chanay
0%
Savoie Chanaz
0%
Isère Chavanoz
0%
Gard Chusclan
0%
Ain Corbonod
0%
Ain Cressin-Rochefort
0%
Isère Creys-Mépieu
0%
Haute-Savoie Éloise
0%
Gard Fourques
0%
Haute-Savoie Franclens
0%
Ain Groslée-Saint-Benoît
0%
Isère Hières-sur-Amby
0%
Savoie Jongieux
0%
Vaucluse Lamotte-du-Rhône
0%
Gard Laudun-l'Ardoise
0%
Ain Lavours
0%
Ain Léaz
0%
Isère Le Bouchage
0%
Isère Les Avenières-Veyrins-Thuellin
0%
Ain Lhuis
0%
Savoie Lucey
0%
Ain Massignieu-de-Rives
0%
Ardèche Mauves
0%
Drôme Mercurol-Veaunes
0%
Rhône Millery
0%
Ain Montagnieu
0%
Isère Montalieu-Vercieu
0%
Savoie Motz
0%
Ain Murs-et-Gélignieux
0%
Ain Niévroz
0%
Ardèche Ozon
0%
Ain Parves-et-Nattages
0%
Ain Peyrieu
0%
Vaucluse Piolenc
0%
Isère Porcieu-Amblagnieu
0%
Ardèche Rompon
0%
Gard Saint-Alexandre
0%
Gard Saint-Étienne-des-Sorts
0%
Ain Saint-Maurice-de-Gourdans
0%
Ardèche Saint-Montan
0%
Bouches-du-Rhône Saint-Pierre-de-Mézoargues
0%
Loire Saint-Pierre-du-Bœuf
0%
Isère Saint-Victor-de-Morestel
0%
Ain Sault-Brénaz
0%
Gard Sauveterre
0%
Rhône Sérézin-sur-Rhône
0%
Ain Thil
0%
Gard Vallabrègues
0%
Loire Vérin
0%
Isère Vernas
0%
Isère Vertrieu
0%
Ain Villebois
0%
Savoie Vions
0%
Ain Virignin
0%
Aucun quiz correspondant
Distribution des résultats
% des personnes avec chaque résultat
Percentile par nombre de réponses
Votre historique - résultats
Vous n’avez pas pris ce quiz depuis la dernière actualisation